header

SCJP Sun certified programmer for Java platform, SE6 study guide (Record no. 61515)

MARC details
000 -LEADER
fixed length control field 01290nam a2200313Ia 4500
100 1# - MAIN ENTRY--AUTHOR NAME
Personal name Raposa, Richard F.
245 10 - TITLE STATEMENT
Title SCJP Sun certified programmer for Java platform, SE6 study guide
250 ## - EDITION STATEMENT
Edition statement 1st ed.
260 ## - PUBLICATION, DISTRIBUTION, ETC. (IMPRINT)
Place of publication Indianapolis, IN :
Name of publisher Wiley Pub.,
Year of publication 2009.
300 ## - PHYSICAL DESCRIPTION
Number of Pages xlii, 531 p. :
Other physical details ill.
500 ## - GENERAL NOTE
General note Includes index.
650 #0 - SUBJECT ADDED ENTRY--TOPICAL TERM
Topical Term Electronic data processing personnel
Topical Term Operating systems (Computers)
Topical Term Java (Computer program language)
856 40 - ELECTRONIC LOCATION AND ACCESS
Uniform Resource Identifier http://site.ebrary.com/lib/rucke/Doc?id=10308305

No items available.

© 2026 Rongo University
Contact us: librarian | system librarian | Rongo university